000 00577nam a2200217Ia 4500
003 OSt
005 20220926044321.0
006 a|||||r|||| 00| 0
007 ta
008 220923b |||||||| |||| 00| 0 eng d
037 _cGeneral Book
040 _aRTL
_cRTL
_beng
041 _2eng
_aeng
082 _aV7351.N3, J3
100 _aBurke Robert E
_9348811
245 0 _aOlson's new deal for california
260 _c1953
650 _aConstitution United States
_9240337
942 _hV7351.N3, J3
_cGB
_2CC
999 _c674500
_d674500